Estakáda so spriahnutou nosnou konštrukciou budovaná technológiou vysúvania

Salvato in:
Dettagli Bibliografici
Autore principale: Miškovčík, Adam, 1990- (Autore)
Altri autori: Ároch, Rudolf, 1962- (Relatore della tesi)
Natura: Manoscritto Libro
Lingua:slovacco
Pubblicazione: Bratislava : STU v Bratislave SvF, 2014
Soggetti:
Accesso online:VAIS
Tags: Aggiungi Tag
Nessun Tag, puoi essere il primo ad aggiungerne!!

MARC

LEADER 00000ntm a22000003a 4500
001 stu297687
005 20150617230309.1
008 140919s2014----xo------------------slo-d
040 |a STU  |b slo 
041 0 |a slo 
044 |a xo 
100 1 |a Miškovčík, Adam,  |d 1990-  |4 aut  |u V  |T SvF Stavebná fakulta  |X 67098  |U V  |Y 10  |7 A000067098 
242 0 0 |a Composite flyover constructed by launching method  |y eng 
245 1 |a Estakáda so spriahnutou nosnou konštrukciou budovaná technológiou vysúvania 
260 |a Bratislava :  |b STU v Bratislave SvF,  |c 2014 
650 7 |a inžinierske konštrukcie a dopravné stavby  |2 stusub 
650 7 |a Structural and Transportation Engineering  |2 estusub 
650 7 |a construction  |2 estusub 
650 7 |a steel  |2 estusub 
650 7 |a structure  |2 estusub 
700 1 |a Ároch, Rudolf,  |d 1962-  |4 ths  |u V190  |U SvF Stavebná fakulta  |T SvF Katedra kovových a drevených konštrukcií  |X 2743  |U V190  |Y 21  |7 A000002743 
856 4 |a info a plný text  |u http://is.stuba.sk/zp/portal_zp.pl?podrobnosti=100768  |3 VAIS